| 000 | 01365cam a22002895a 4500 | ||
|---|---|---|---|
| 001 | L137601 | ||
| 002 | 16664 | ||
| 008 | 070418s2007 xxk f 000 0 eng d | ||
| 020 | _a9781842193266 | ||
| 035 | _a(Sirsi) u137601 | ||
| 041 | 0 | _aeng | |
| 050 | 0 | 4 | _a333.333 $2 18 |
| 110 | 2 |
_aRoyal Institution of Chartered Surveyors _94900 |
|
| 245 | 0 | 0 |
_aHandling home information packs _bguidance note |
| 260 |
_aCoventry _bRICS _c2007 |
||
| 490 | 0 | _aRICS Guidance Note | |
| 520 | _aThis guidance note provides advice to members of RICS and others on the practice of handling Home Information Packs (HIPs) in England and Wales. Recommended procedures within the guidance are intended to reflect best practice. Covers: preparing for HIPs; liaising with sellers; liaising with buyers; and general considerations for handling HIPs. Appendices include an example information sheet on the home condition report and the HIP code. | ||
| 590 | _aKA | ||
| 650 | 2 | 4 | _aHOME INFORMATION PACK REGULATIONS 2007 |
| 650 | 2 | 4 | _aHOUSING ACT 2004 PART V |
| 651 | 4 |
_aEngland and Wales _y1543- |
|
| 690 | _aPROPERTY-RESIDENTIAL PROPERTY-ACQUISITION AND DISPOSAL OF RESIDENTIAL PROPERTY-HOME BUYING REFORM | ||
| 710 | 2 |
_aNational Association of Estate Agents _9886 |
|
| 710 | 2 |
_aAssociation of Home Information Pack Providers _95167 |
|
| 710 | 2 |
_aAsset Skills _95165 |
|
| 942 | _n0 | ||
| 999 |
_c106843 _d106843 |
||